Responses for Show #702 - Tuesday, September 29, 1987

Contestants

[<< previous game]

Cinthea Stahl, a student from Studio City, California

Lance Williams, a media consultant from Los Angeles, California

Judi Greenberg, a housewife from Northbrook, Illinois (whose 1-day cash winnings total $3,500)

[next game >>]

Jeopardy! Round responses

TOP-SELLING PRODUCTS
LIGHT
4-LETTER WORDS
MYTHOLOGY
"MOORE" OR "LES"
MUSIC ON THE MAP
    $100 16
Chantilly

Judi
    $100 26
light-year

Judi
    $100 17
rose

Judi
    $100 11
egg

Cinthea
    $100 6
Clayton Moore, the Lone Ranger

Judi
    $100 1
New Orleans

Cinthea
    $200 22
pencil

Cinthea
    $200 27
northern lights

Cinthea
    $200 18
Mass

Cinthea
    $200 12
Flora

Judi
    $200 7
Les Brown

Cinthea
    $200 2
Okie from Muskogee

Cinthea
    $300 23
S.O.S.

Cinthea
    $300 28
(Judi: What is beam?)

amplification

Judi
Triple Stumper
    $300 19
cook

Cinthea
    $300 13
(Lance: What's a serpent?)

fish

Lance
Triple Stumper
    $300 8
Garry Moore

Judi
    $300 3
Louisiana

Lance
    $400 24
(Cinthea: What are Bass [*]?)

Weejuns

Cinthea
    $400 29
(Lance: What's a fluorescent light?)
(Cinthea: What's a neon light?)

incandescent

LanceCinthea
Triple Stumper
    $400 20
Army & Navy

Judi
    $400 14
Heracles (Hercules)

Cinthea
    $500 9
(Judi: It takes me back. Who is [*]?)
(Alex: It takes me back too and I'm older than you.)
[The song was reprised going into the first break.]

Lesley Gore

Judi
    $400 4
Indiana

Judi
    $500 25
(Cinthea: What is a violet?)
(Judi: What is an iris?)
...
(Alex: We've got less than a minute to go, Cinthea.)

pansy

JudiCinthea
Triple Stumper
    $500 30
black light (ultraviolet)

Cinthea
    $500 21
(Cinthea: What is race?)

pack

JudiCinthea
    $500 15
Zeus

Cinthea
    $500 10
Richard Lester

Cinthea
    $500 5
(1 of) Paris or Rome

Triple Stumper

Scores at the first commercial break (after clue 10):

Judi Lance Cinthea
$1,300 $300 $1,000

Scores at the end of the Jeopardy! Round:

Judi Lance Cinthea
$1,900 -$400 $2,700

Double Jeopardy! Round responses

ACTRESSES
BIOLOGY
QUOTES
PRESIDENTIAL TRIVIA
EUROPE
FIRSTS
    $200 3
Dorothy Lamour

Cinthea
    $200 14
reindeer

Lance
    $200 12
laughing

Lance
    $200 8
Jimmy Carter

Cinthea
    $200 16
catacombs

Cinthea
    $200 1
(Lance: What is penicillin?)

aspirin

LanceCinthea
    $400 4
Jaclyn Smith

Cinthea
    $400 15
citrus

Judi
    $400 25
Wrigley

Lance
    $400 9
Washington

Cinthea
    $400 17
Denmark

Cinthea
    $400 2
Niagara Falls

Judi
    $600 5
Elizabeth Regina

Judi
    $700 18
reproduction

Cinthea
    $600 26
(Cinthea: What is it's always?)

life

Cinthea
Triple Stumper
    $600 24
(Judi: Who is John F. Kennedy?)
...
(Alex: Less than a minute to go.)

LBJ

JudiCinthea
    $600 21
Black Forest

Cinthea
    $600 10
(Judi: What is Whiz Kids?)
...
(Alex: It debuted in 1938, what was [*]?)

Information Please

Judi
Triple Stumper
    $800 6
Katharine Hepburn

Triple Stumper
    $800 19
DNA (deoxyribonucleic acid)

Cinthea
    $800 27
(Lance: What is G-A-M-L-I-E-L?)

G-A-M-A-L-I-E-L

LanceCinthea
    $800 22
(Judi: What is the [*], KLM Airlines?)
(Alex: Yes, and my apology to KLM for that pronunciation; I'm not sure I got it right.)

airline industry

Judi
    $800 11
AT&T

Lance
    $1000 7
(Judi: Who are Cagney & Lacey?)
(Cinthea: Who are Tyne Daly and...no?)

Tyne Daly & Sharon Gless

JudiLanceCinthea
    $1000 20
(Cinthea: What is plasma?)

cytoplasm

Cinthea
Triple Stumper
    $1000 28
[The end-of-round signal sounds.]

Grover Cleveland

Lance
    $1000 23
Portugal

Lance
    $1000 13
(Alex: Now it's 32 volumes.)

Encyclopedia Britannica

Cinthea

Scores at the end of the Double Jeopardy! Round:

Judi Lance Cinthea
$1,900 $3,200 $6,600
(lock game)

[wagering suggestions for these scores]

Final Jeopardy! Round responses

HORSES
(Alex: Cinthea, did you get the correct response? [Cinthea had a hand in front of her face and shook her head no in embarrassment.] What is food car?)
(Cinthea: Consumption?)
(Alex: "Branded them "XP" for food consumption?)
[Audible background reaction]
(Cinthea: Extra prime?)
[More reaction and laughter.]
(Alex: I like that.)
JudiWhat is?
$1,800
LanceWhat is the Pony Express?
$3,200
CintheaWhat is [something scribbled out] food con
$0
Pony Express

Final scores:

Judi Lance Cinthea
$100 $6,400 $6,600
3rd place: Baldwin solid brass desk accessories + Jeopardy! box game or computerized version 2nd place: Harrison Furniture entertainment center & Zenith 9" color TV + Jeopardy! box game or computerized version New champion: $6,600

Game dynamics:

Coryat scores:

Judi Lance Cinthea
$1,800 $3,200 $6,500
14 R
(including 1 DD),
5 W
8 R,
4 W
27 R
(including 1 DD),
6 W

Combined Coryat: $11,500

[game clues] [game scores] [suggest correction]

Game tape date: 1987-06-22
The J! Archive is created by fans, for fans. Scraping, republication, monetization, and malicious use prohibited; this site may use cookies and collect identifying information. See terms. The Jeopardy! game show and all elements thereof, including but not limited to copyright and trademark thereto, are the property of Jeopardy Productions, Inc. and are protected under law. This website is not affiliated with, sponsored by, or operated by Jeopardy Productions, Inc. Join the discussion at JBoard.tv.